The William Lowell Putnam mathematical competition : problems and solutions. 1938-1964
Αποθηκεύτηκε σε:
| Άλλοι συγγραφείς: | , , |
|---|---|
| Μορφή: | Βιβλίο |
| Γλώσσα: | English |
| Δημοσίευση: |
[Washington] :
The Mathematical Association of America,
c1980.
|
| Θέματα: | |
| Ετικέτες: |
Προσθήκη ετικέτας
Δεν υπάρχουν, Καταχωρήστε ετικέτα πρώτοι!
|
MARC
| LEADER | 00000cam a2200000 i 4500 | ||
|---|---|---|---|
| 001 | 1/55221 | ||
| 008 | 941103s1980 wau| ||| |||| ||eng|| | ||
| 020 | |a 0883854287 | ||
| 035 | |a 1993 |l 10045226 | ||
| 040 | |a GR-MyUa |b gre |e AACR2 | ||
| 041 | 0 | |a eng | |
| 082 | 7 | |a 510.76 |2 (22) | |
| 245 | 0 | 4 | |a The William Lowell Putnam mathematical competition : |b problems and solutions. 1938-1964 / |c edited by A.M. Gleason, R.E. Greenwood, L.M. Kelly. |
| 260 | |a [Washington] : |b The Mathematical Association of America, |c c1980. | ||
| 300 | |a 652 σ. ; |c 24 εκ. | ||
| 500 | |a Περιλαμβάνει ευρετήριο. | ||
| 611 | 2 | 0 | |a William Lowell Putnam Mathematical Competition. |
| 650 | 0 | |a Mathematics |x Problems, exercises, etc. | |
| 650 | 0 | |a Mathematics |x Competitions. | |
| 700 | 1 | |a Gleason, Andrew M. |e edt | |
| 700 | 1 | |a Greenwood, R. E. |e edt | |
| 700 | 1 | |a Kelly, L. M. |q (Leroy Milton), |d 1914-2002, |e edt | |
| 852 | |a INST |b SAMOS |e 19941103 |h 510.76 WIL |p 005300003748 |q 005300003748 |t BK |y 0 | ||